سرفروشی ہے ایمان میرا ۲۷ بلوچ تاریخ کے آینے میں (Record no. 551614)
[ view plain ]
| 000 -LEADER | |
|---|---|
| fixed length control field | 00324nam a22001097a 4500 |
| 082 ## - DEWEY DECIMAL CLASSIFICATION NUMBER | |
| Classification number | 355.00954915 |
| Author Mark | BAL |
| -- | L-3,II,P-128 |
| 245 ## - TITLE STATEMENT | |
| Title | سرفروشی ہے ایمان میرا ۲۷ بلوچ تاریخ کے آینے میں |
| 260 ## - PUBLICATION, DISTRIBUTION, ETC. | |
| Date of publication, distribution, etc. | 1987 |
| 300 ## - PHYSICAL DESCRIPTION | |
| Extent | 225 p. |
| 526 ## - STUDY PROGRAM INFORMATION NOTE | |
| Program name | 0 |
| Interest level | 0 |
| Reading level | 0 |
| Title point value | 355_009549150000000_BAL |
| 942 ## - ADDED ENTRY ELEMENTS (KOHA) | |
| Source of classification or shelving scheme | |
| Koha item type | Book |
| Withdrawn status | Lost status | Source of classification or shelving scheme | Damaged status | Not for loan | Permanent Location | Current Location | Date acquired | Total Checkouts | Full call number | Barcode | Date last seen | Price effective from | Koha item type |
|---|---|---|---|---|---|---|---|---|---|---|---|---|---|
| Military College of Engineering (MCE) | Military College of Engineering (MCE) | 12/18/2014 | 355.00954915 BAL | MCE-019284 | 12/18/2014 | 12/18/2014 | Book |
